000 00392nam a2200133Ia 4500
005 20260326100047.0
008 260326s9999||||xx |||||||||||||| ||und||
100 _aSegovia Salas, Rodolfo
245 0 _aLas fortificaciones de Cartagena de Indias :
_b Estrategia e Historia /
_cRodolfo Segovia Salas
260 _bCarlos Valencia Editores
300 _a83 p.
650 _aHISTORIA
942 _cBK
999 _c7247
_d7247